| 000 | 00689cam a22002051 4500 | ||
|---|---|---|---|
| 082 |
_a943.0874 _bRYA _cD |
||
| 100 | 1 |
_aRyan, Cornelius. _946236 |
|
| 245 | 1 | 4 | _aThe last battle. |
| 260 |
_aLondon, _bCollins, _c1966. |
||
| 300 |
_a3-463 p. _b4 plates (incl. ports) maps, plan, facsims., diagr. _c24 cm. |
||
| 500 | _aCol. maps on endpapers. | ||
| 526 |
_a0 _b0 _c0 _d943_087400000000000_RYA |
||
| 526 |
_a0 _b0 _c0 _d943_087400000000000_RYA |
||
| 526 |
_a0 _b0 _c0 _d943_087400000000000_RYA |
||
| 526 |
_a0 _b0 _c0 _d943_087400000000000_RYA |
||
| 526 |
_a0 _b0 _c0 _d943_087400000000000_RYA |
||
| 650 | 0 |
_aBerlin, Battle of, Berlin, Germany, 1945. _949082 |
|
| 650 | 0 |
_aMCE _9379 |
|
| 942 |
_2ddc _cBK |
||
| 999 |
_c551915 _d551915 |
||